Opatrovateľstvo Starostlivosť o klienta v rodinnom prostredí a zariadeniach

Saved in:
Bibliographic Details
Main Author Krišková, Anna
Format Electronic eBook
LanguageCzech
Published Grada SK 2024
Edition1. elektronické vydání
Subjects
Online AccessDostupné v BOOKPORT po přihlášení pomocí eduID
ISBN978-80-8090-828-7
978-80-8090-826-3
Physical Description1 online zdroj (192 stran)

Cover

LEADER 00000nam a2200000 i 4500
001 bkp100333
003 CZ-prgp
005 20240704111221.0
006 m o d
007 cr cn
008 240704s2024 xr o 000 0 cze
020 |a 978-80-8090-828-7  |c 425 Kč  |q (online ; epub) 
020 |a 978-80-8090-826-3  |c 250 Kč  |q (print) 
040 |a Grada  |b cze  |e rda 
100 1 |a Krišková, Anna 
245 1 0 |a Opatrovateľstvo  |b Starostlivosť o klienta v rodinnom prostredí a zariadeniach  |c Anna Krišková 
250 |a 1. elektronické vydání 
264 1 |b Grada SK  |c 2024 
300 |a 1 online zdroj (192 stran) 
336 |a text  |b txt  |2 rdacontent 
337 |a počítač  |b c  |2 rdamedia 
338 |a online zdroj  |b cr  |2 rdacarrier 
520 3 |a Kniha ponúka pohľad na zhody aj odlišnosti pri opatrovaní v rodine aj v zariadeniach, s príkladmi z praxe a postupmi pre poskytovanie opatrovania. Je určená rodinám v situácii opatrovania člena domácnosti, opatrovateľom, ktorí vykonávajú denne svoje zamestnanie v rodinách alebo v zariadení sociálnych služieb a študentom v príslušných odboroch. 
650 0 4 |a Ostatní nelékařské profese 
856 4 0 |u https://www.bookport.cz/AccountSaml/SignIn/?idp=https://shibboleth.utb.cz/idp/shibboleth&returnUrl=/kniha/opatrovatelstvo-12788/  |y Dostupné v BOOKPORT po přihlášení pomocí eduID